[Event "Preinscritos IRT Online"]
[Site "Chess.com INT"]
[Date "2020.12.26"]
[Round "9"]
[White "Murillo, Alexander"]
[Black "Guerrero Caicedo, Arlette Sabina"]
[Result "1-0"]
[WhiteElo "1348"]
[BlackElo "1926"]
[PlyCount "77"]
[EventDate "2020.12.26"]
[EventType "swiss"]
[EventRounds "11"]
[EventCountry "ECU"]
[SourceTitle "CBM 200 Extra"]
[Source "ChessBase"]
[SourceDate "2021.03.31"]
[SourceVersion "1"]
[SourceVersionDate "2021.03.31"]
[SourceQuality "1"]

1. e4 d5 2. exd5 Qxd5 3. Nc3 Qd8 4. Nf3 Nf6 5. Bc4 Bf5 6. d3 e6 7. 0-0 Be7 8. Nh4 Bg4 9. f3 Bh5 10. g4 Bg6 11. Nxg6 hxg6 12. Qe2 Bc5+ 13. Kg2 Qd6 14. f4 Nbd7 15. Nb5 Qc6+ 16. Kg3 a6 17. Nc3 0-0-0 18. Bd2 Rh7 19. Rh1 Rdh8 20. h3 Nb6 21. Bb3 Nfd5 22. Ne4 Bd6 23. Ng5 Rh4 24. Nxf7 R8h7 25. Qxe6+ Kb8 26. Nxd6 cxd6 27. Qxg6 Nf6 28. Rae1 Ka7 29. f5 Qc7 30. Be3 d5+ 31. Bf4 Qc6 32. Re6 Qc5 33. Be3 Qc7+ 34. Kg2 d4 35. Bxd4 Nfd5 36. Bxd5 Qxc2+ 37. Bf2 a5 38. Rxb6 Ka8 39. Rxb7 1-0

[Event "Preinscritos IRT Online"]
[Site "Chess.com INT"]
[Date "2020.12.26"]
[Round "7"]
[White "Murillo, Alexander"]
[Black "Luna Bayas, Elian Josue"]
[Result "1-0"]
[WhiteElo "1348"]
[BlackElo "1515"]
[PlyCount "39"]
[EventDate "2020.12.26"]
[EventType "swiss"]
[EventRounds "11"]
[EventCountry "ECU"]
[SourceTitle "CBM 200 Extra"]
[Source "ChessBase"]
[SourceDate "2021.03.31"]
[SourceVersion "1"]
[SourceVersionDate "2021.03.31"]
[SourceQuality "1"]

1. e4 d5 2. exd5 Qxd5 3. Nc3 Qa5 4. Nf3 Nf6 5. d4 c6 6. Bd3 Qc7 7. 0-0 Bg4 8. h3 Bh5 9. Bg5 Nbd7 10. Re1 e6 11. Ne4 Nxe4 12. Bxe4 Nf6 13. Bd3 0-0-0 14. c3 Bd6 15. a4 h6 16. Be3 Nd5 17. Rf1 Nxe3 18. fxe3 Bg3 19. e4 f5 20. exf5 1-0

[Event "Preinscritos IRT Online"]
[Site "Chess.com INT"]
[Date "2020.12.26"]
[Round "11"]
[White "Murillo, Alexander"]
[Black "Robles Rosero, Jerzy Alexander"]
[Result "1-0"]
[WhiteElo "1348"]
[BlackElo "1311"]
[PlyCount "75"]
[EventDate "2020.12.26"]
[EventType "swiss"]
[EventRounds "11"]
[EventCountry "ECU"]
[SourceTitle "CBM 200 Extra"]
[Source "ChessBase"]
[SourceDate "2021.03.31"]
[SourceVersion "1"]
[SourceVersionDate "2021.03.31"]
[SourceQuality "1"]

1. e4 c5 2. Nf3 Nc6 3. d4 cxd4 4. Nxd4 d6 5. g3 g6 6. Bg2 Bg7 7. c3 Qb6 8. Nxc6 bxc6 9. 0-0 Nf6 10. Nd2 c5 11. e5 Rb8 12. exf6 Bxf6 13. Ne4 Bg7 14. Re1 f5 15. Nxd6+ Kf8 16. Nxc8 Rxc8 17. Qd5 e5 18. Bg5 h6 19. Be3 e4 20. Rab1 Ke7 21. g4 Rhd8 22. Qc4 Kf6 23. gxf5 gxf5 24. f3 exf3 25. Bxf3 Rg8 26. Qh4+ Kg6 27. Bh5+ Kh7 28. Kf2 Rcf8 29. Bf4 c4+ 30. Re3 Bxc3 31. bxc3 Qxb1 32. Re7+ Rg7 33. Rxg7+ Kxg7 34. Qe7+ Kg8 35. Qe6+ Kh7 36. Qg6+ Kh8 37. Be5+ Rf6 38. Bxf6# 1-0